Geld und Kredit in der Deutschen Demokratischen Republik
Saved in:
| Other Authors: | |
|---|---|
| Format: | Book |
| Language: | German |
| Published: |
Berlin
Wirtschaft
1985
|
| Tags: |
No Tags, Be the first to tag this record!
|
MARC
| LEADER | 00000nam a2200000 4500 | ||
|---|---|---|---|
| 001 | c103438 | ||
| 005 | 20230117082421.1 | ||
| 041 | 0 | |a ger | |
| 044 | |a DE | ||
| 245 | 1 | 0 | |a Geld und Kredit in der Deutschen Demokratischen Republik |c Herausgegeben von Willi Ehlert |
| 264 | 1 | |a Berlin |b Wirtschaft |c 1985 | |
| 300 | |a 344 s. | ||
| 700 | 1 | |a Ehlert, Willi | |